000
00247nam a2200109 a 4500
005
20140513081050.0
008
020606s19uu xx 00 eng d
050
_a
P 611
_b
HOW 1996
245
_a
Bodies.
650
_a
Bodies--Poster
999
_c
116288
_d
116288